Syria: A Short History. Philip K. Hitti

Saved in:  
Bibliographic Details
Main Author: Abbott, Nabia (Author)
Format: Electronic Review
Language:English
Check availability: HBZ Gateway
Interlibrary Loan:Interlibrary Loan for the Fachinformationsdienste (Specialized Information Services in Germany)
Published: 1961
In: Journal of Near Eastern studies
Year: 1961, Volume: 20, Issue: 2, Pages: 143-144
Further subjects:B Book review
Online Access: Volltext (lizenzpflichtig)

MARC

LEADER 00000naa a22000002c 4500
001 196738598X
003 DE-627
005 20260327073734.0
007 cr uuu---uuuuu
008 260327s1961 xx |||||oo 00| ||eng c
024 7 |a 10.1086/371631  |2 doi 
035 |a (DE-627)196738598X 
035 |a (DE-599)KXP196738598X 
040 |a DE-627  |b ger  |c DE-627  |e rda 
041 |a eng 
084 |a 1  |2 ssgn 
100 1 |a Abbott, Nabia  |e VerfasserIn  |4 aut 
245 1 0 |a Syria: A Short History. Philip K. Hitti 
264 1 |c 1961 
336 |a Text  |b txt  |2 rdacontent 
337 |a Computermedien  |b c  |2 rdamedia 
338 |a Online-Ressource  |b cr  |2 rdacarrier 
601 |a Historie 
655 7 |a Rezension  |0 (DE-588)4049712-4  |0 (DE-627)106186019  |0 (DE-576)209083166  |2 gnd-content 
773 0 8 |i Enthalten in  |t Journal of Near Eastern studies  |d Chicago, Ill. : Univ. of Chicago Press, 1942  |g 20(1961), 2, Seite 143-144  |h Online-Ressource  |w (DE-627)330267159  |w (DE-600)2050039-7  |w (DE-576)103115714  |x 1545-6978  |7 nnas 
773 1 8 |g volume:20  |g year:1961  |g number:2  |g pages:143-144 
856 4 0 |u https://doi.org/10.1086/371631  |x Resolving-System  |z lizenzpflichtig  |3 Volltext  |7 1 
912 |a NOMM 
935 |a mteo 
951 |a AR 
ELC |a 1 
ITA |a 1  |t 1 
LOK |0 000 xxxxxcx a22 zn 4500 
LOK |0 001 4943513670 
LOK |0 003 DE-627 
LOK |0 004 196738598X 
LOK |0 005 20260327055637 
LOK |0 008 260327||||||||||||||||ger||||||| 
LOK |0 035   |a (DE-Tue135)IxTheo#2025-10-21#F1935519325D0D46AAB9BCE779B88D83EAEF8DF6 
LOK |0 040   |a DE-Tue135  |c DE-627  |d DE-Tue135 
LOK |0 092   |o n 
LOK |0 852   |a DE-Tue135 
LOK |0 852 1  |9 00 
LOK |0 935   |a ixrk  |a ixzs  |a zota 
LOK |0 939   |a 2026-03-27  |b l01 
ORI |a TA-MARC-ixtheoa001.raw